000 00445nam a2200169Ia 4500
008 230711s9999||||xx |||||||||||||| ||und||
020 _a978-0-07-048339-2
041 _aENG
082 _a620.00452
_bBA-R
100 _aBalagurusamy,E
245 0 _aReliability engineering
250 _a1st Ed.
260 _c2016
_aNew Delhi
_bMcGraw Hill Education(India) Private Limited
300 _a300p.
650 _aElectrical Engineering
942 _cBK
999 _c6244
_d6244